Die 100 wichtigsten Österreicher*innen - Statistiken

Allgemein
  • Dieses Quiz wurde 768 mal gespielt
  • Das Durchschnittsergebnis liegt bei 36 aus 100
Antwortstatistiken
Geboren Hinweis Person % Korrekt
1992 Er spielte für Bayern München und war 2014 Sportler des Jahres. David Alaba
89%
1988 Mit "Rise Like a Phoenix" gewann er/sie den Eurovision Songcontest. Conchita Wurst
86%
1947 Schauspieler, Bodybuilder und ehemaliger Gouverneur von Kalifornien Arnold Schwarzenegger
85%
1949 Dreimaliger Formel-1-Weltmeister, später Luftfahrtunternehmer Niki Lauda
82%
1971 Dieser Tiroler Sänger schaffte mit "Hey Baby (Uhh, Ahh)" den internationalen Durchbruch. DJ Ötzi
81%
1957 Dieser Popsänger ist der international erfolgreichste Österreichs und hatte den einzigen deutschsprachigen Nr.1-Hit in den USA. Falco
80%
1989 Er gewann als einziger achtmal den alpinen Skiweltcup. Marcel Hirscher
78%
1756 Dieser Salzburger war wohl der wichtigste Vertreter der Klassik. Wolfgang Amadeus Mozart
77%
1944 Reichster Österreicher (2020) und Gründer einer Energydrink-Firma Dietrich Mateschitz
72%
1856 Die Psychoanalyse wurde von ihm erfunden. Sigmund Freud
68%
1993 Er ist der erste Österreicher der die US Open gewonnen hat. Dominic Thiem
67%
1830 68 Jahre war er Kaiser von Österreich. Franz Joseph I.
64%
1934 Er gewann 1966 den Eurovision Songcontest mit "Merci, Chérie". Udo Jürgens
63%
1972 Skirennläufer; dreimal Weltmeister und viermal Gesamtweltcup-Sieger Hermann Maier
62%
1863 Sein Tod in Sarajevo löste den Ersten Weltkrieg aus. Franz Ferdinand
61%
1955 "I am from Austria"-Interpret, ein Drittel von Austria 3 Rainhard Fendrich
61%
1964 Mit 44 Toren ist er Rekordtorschütze der Fußball-Nationalmannschaft. Toni Polster
61%
1717 Diese Erzherzogin von Österreich führte die Schulpflicht ein. Maria Theresia
60%
1837 Diese Kaiserin von Österreich-Ungarn wurde in Genf ermordet. Elisabeth "Sisi" von Österreich-Ungarn
59%
1956 Er erhielt Oscars für seine Rollen in zwei Filmen von Tarantino. Christoph Waltz
58%
1954 Als Skifahrer 6 Weltcupsiege, als Schlagersänger 6 Platinalben Hansi Hinterseer
57%
1955 "Schneckerl", 2004 zum besten österreichischen Fußballspieler der letzten 50 Jahre gewählt Herbert Prohaska
57%
1862 "Der Kuss" ist das bekannteste Werk dieses Jugendstilmalers. Gustav Klimt
53%
1953 "Goleador", Rekordtorschütze der österreichischen Bundesliga Hans Krankl
53%
1755 Als Ehefrau von Ludwig XVI. während der Revolution hingerichtet Marie Antoinette
53%
1977 Multimilliardär und Besitzer der Signa Holding. René Benko
53%
1967 Tennisspieler, als einziger Österreicher Nr.1 der Tennis-Weltrangliste Thomas Muster
53%
1825 Dieser Komponist vieler Walzer steht vergoldet im Stadtpark. Johann Strauss (Sohn)
49%
1952 "Zwickt's mi"-Interpret, ein Drittel von Austria 3 Wolfgang Ambros
47%
1928 Diesem Architekten waren gerade Linien zuwider. Friedensreich Hundertwasser
46%
1732 Komponist der Wiener Klassik und Schöpfer der Kaiserhymnen Joseph Haydn
46%
1887 Nobelpreisträger; erfand ein Gedankenexperiment mit einer Katze. Erwin Schrödinger
45%
1949 23 Jahre lang war dieser SPÖ-Politiker Bürgermeister von Wien. Michael Häupl
45%
1929 Dieser Ingenieur gründete eine der größten Pistolenfirmen der Welt. Gaston Glock
44%
1911 SPÖ-Bundeskanzler, der Staatsschulden lieber hatte als Arbeitslose. Bruno Kreisky
42%
1862 Kristallglasunternehmer Daniel Swarovski
42%
1942 Dieser Formel-1-Weltmeister verunglückte 1970 tödlich in Monza. Jochen Rindt
42%
1887 Er war der letzte Kaiser von Österreich. Karl I.
42%
1968 Mit 103 Spielen ist er Rekordspieler der Fußball-Nationalmannschaft. Andreas Herzog
41%
1932 Unternehmer, Magna-Chef und gelegentlich Politiker Frank Stronach
36%
1902 Er unterzeichnete am 15. Mai 1955 den Staatsvertrag. Leopold Figl
36%
1767 Dieser Wirt war Anführer des Tiroler Volksaufstands. Andreas Hofer
35%
1883 Er ließ Gregor Samsa sich in ein ungeheures Ungeziefer verwandeln. Franz Kafka
35%
1953 Mit sechs alpinen Skiweltcup-Siegen steht sie an zweiter Stelle. Annemarie Moser-Pröll
34%
1892 Dieser austrofaschistische Diktator gründete den Ständestaat. Engelbert Dollfuß
34%
1946 Autorin von "Die Klavierspielerin"; seit 2004 Literaturnobelpreisträgerin Elfriede Jelinek
33%
1969 Eine Zeit lang hielt er den Rekord für den höchsten Sprung. Felix Baumgartner
33%
1875 Automobilkonstrukteur und Gründer einer Stuttgarter Firma. Ferdinand Porsche
33%
1843 Pazifistin und erste Friedensnobelpreisträgerin der Welt. Bertha von Suttner
31%
1822 Durch Erbsen entdeckte er die Regeln der Vererbung. Johann Gregor Mendel
31%
1870 Er war Staatskanzler nach dem 1. und nach dem 2. Weltkrieg. Karl Renner
31%
1663 Dieser Prinz war Oberbefehlshaber im Großen Türkenkrieg. Eugen von Savoyen
29%
1881 Autor der "Schachnovelle" Stefan Zweig
28%
1925 Der "Wödmasta", WM-Dritter, als Nationaltrainer im Amt verstorben Ernst Happel
27%
1926 Schauspieler, Sänger und Hauptdarsteller in "Im weißen Rößl" Peter Alexander
27%
1797 Komponist der "Unvollendeten Sinfonie"; starb mit 31 Jahren Franz Schubert
26%
1897 Dieser Bundeskanzler versagte, den "Anschluss" zu verhindern. Kurt Schuschnigg
26%
1936 Sie ist eine der erfolgreichsten deutschsprachigen Kinder- und Jugendbuchautorinnen; "Maikäfer flieg" Christine Nöstlinger
25%
1928 Schauspieler ("Sissi") und Gründer von "Menschen für Menschen" Karlheinz Böhm
25%
1935 Der "Schwarze Blitz aus Kitz" Toni Sailer
25%
1803 Er entdeckte den Grund für das Geräusch vorbeifahrender Autos. Christian Doppler
24%
1938 Mitglied einer Schauspielerdynastie, Tochter von Attila Christiane Hörbiger
24%
1962 Dieser Kabarettist spielt Simon Brenner in den Verfilmungen. Josef Hader
24%
1976 Nordische Kombinierer; erfolgreichster österreichischer Olympionike Felix Gottwald
23%
1824 Oberösterreichischer Komponist der Romantik; 11 Sinfonien Anton Bruckner
21%
1890 Niederösterreichischer Maler des Expressionismus, malte oft (Selbst-)Porträts Egon Schiele
21%
1926 Schriftstellerin von "Die Fähre"; Namensgeberin eines Literaturpreises Ingeborg Bachmann
21%
1942 Kontroverser Kärntner Autor, der 2019 den Literatur-Nobelpreis erhielt Peter Handke
21%
1787 Er komponierte die Melodie von "Stille Nacht, heilige Nacht". Franz Xaver Gruber
20%
1931 "Heimweh", "Junge, komm bald wieder", u. v. a. Freddy Quinn
19%
1843 Steirischer Schriftsteller & Poet; "Als ich noch der Waldbauernbub war" Peter Rosegger
19%
1890 Wiener Regisseur von "Metropolis" und "M" Fritz Lang
18%
1903 Verhaltensbiologe, der von "Schlüsselreizen" und "Prägung" sprach. Konrad Lorenz
18%
1927 Bedeudenter Journalist der Nachkriegszeit, v.a. bekannt durch seine Doku-Reihen Österreich I & II Hugo Portisch
17%
1874 In Salzburg wird jährlich sein "Jedermann" aufgeführt. Hugo von Hofmannsthal
17%
1801 "Der Talisman", "Der böse Geist Lumpacivagabundus", u. v. a. Johann Nepomuk Nestroy
17%
1891 Kanzler von 1953 bis 1961; bekannt als "Staatsvertragskanzler" Julius Raab
17%
1857 Medizin-Nobelpreisträger 1927 Julius Wagner-Jauregg
17%
1878 Als erste beschrieb sie die Kernspaltung; ein Element heißt nach ihr. Lise Meitner
17%
1960 "Komm, süßer Tod", "Der Knochenmann", "Silentium!", u. v. a. Wolf Haas
17%
1908 Holocaust-Überlebender und später "Nazi-Jäger" Simon Wiesenthal
16%
1862 Er schrieb die skandalösen Werke "Reigen" und "Lieutenant Gustl". Arthur Schnitzler
15%
1942 Vielfach ausgezeichneter Regisseur, u.a. für "Das weiße Band" Michael Haneke
15%
1943 Für seine Rolle in "Jenseits von Afrika" für den Oscar nominiert Klaus Maria Brandauer
14%
1791 Er gilt als Österreichischer Nationaldichter. Franz Grillparzer
13%
1868 Entdecker der Blutgruppen Karl Landsteiner
13%
1919 Der Vorarlberger ist der Gründer der SOS-Kinderdörfer Hermann Gmeiner
12%
1913 Autorin des Kinderbuchklassikers "Das kleine Ich-bin-ich" Mira Lobe
12%
1914 Diese Schauspielerin entwickelte eine Funkfernsteuerung für Torpedos Hedy Lamarr
11%
1875 Bedeutender Dichter der Moderne; "Herbsttag" Rainer Maria Rilke
11%
1870 Dieser Psychoanalytiker beschäftigte sich mit Tiefenpsychologie. Alfred Adler
10%
1929 Als Maler und Sänger gehörte er zum Phantastischen Realismus. Arik Brauer
10%
1930 Oscar-Preisträger für die beste Hauptrolle, in "Urteil von Nürnberg" Maximilian Schell
10%
1876 Erfinder einer Turbine für Wasserkraftwerke. Viktor Kaplan
10%
1889 Dieser Philosoph ist bekannt für den "Tractatus logico-philosophicus". Ludwig Wittgenstein
9%
1886 Maler der Wiener Moderne, der sich gerne selbst malte. Oskar Kokoschka
9%
1905 Der Holocaust-Überlebende begründete die Logotherapie und Existenzanalyse Viktor Frankl
9%
1870 Er baute ein secessionistisches Haus auf dem Michaelerplatz. Adolf Loos
8%
1955 Dieser Burgenländer ist Sänger von Opus ("Life is Life") Ewald Pfleger
7%
1883 Er erhielt für die Entdeckung der kosmischen Strahlung den Nobelpreis Victor Franz Hess
5%
Keine übereinstimmenden Quizze gefunden
Verteilung der Resultate
Anzahl Personen mit jedem Resultat
Perzentil nach korrekt beantworteten Fragen
Ihre Resultats-Entwicklung
Sie haben dieses Quiz noch nicht gespielt